000 00344pam a2200157a 44500
008 230515b1992 xxu||||| |||| 00| 0 eng d
020 _aNULL
041 _aENGLISH
082 _a610.73
100 _aBETZ C L
245 _aMOSBYS PEDIATRIC NURSING REFERENCE
250 _a0
260 _a
_bMOSBEY
_c1992
300 _a560
650 _aNULL
999 _c526084
_d526084